| 000 | 00818nam a22002412 4500 | ||
|---|---|---|---|
| 001 | 0000020610 | ||
| 005 | 20151217152218.0 | ||
| 008 | 110927s xx 000 0 eng d | ||
| 020 | _a0471718351 : | ||
| 040 |
_aKABU _cKABU |
||
| 100 | 1 |
_aRoss, George H. _@0000180986 |
|
| 245 | 1 | 0 |
_aTrump strategies for real estate : _bbillionaire lessons for the small investor / _cGeorge H. Ross with Andrew James McLean. |
| 250 | _a1st ed. | ||
| 260 |
_aHoboken, NJ. : _bJ. Wiley, _c2005. |
||
| 300 | _axxiii, 232 p. | ||
| 600 | 1 | 0 |
_aTrump, Donald 1946-. _@0000180987 |
| 650 | 0 |
_aReal estate investment. _@0000180988 |
|
| 650 | 0 |
_aReal estate development. _@0000157809 |
|
| 700 | 1 |
_aMcLean, Andrew James. _@0000180989 |
|
| 852 | 1 | _9p2170 KES | |
| 908 | _a110927 | ||
| 950 | _@1 | ||
| 999 |
_c9413 _d9413 |
||